000 00838nam a2200253Ia 4500
003 OSt
005 20221005113214.0
006 a|||||r|||| 00| 0
007 ta
008 221004b |||||||| |||| 00| 0 pan d
020 _c200
024 _a116845
037 _b660, 22/03/2012, H.K. Prakashan
_cTextual
040 _aCRL
_cCRL
_bpan
041 _2pan
_apan
082 _aO153,3N56:g, P5
100 _aਜਸਵਿੰਦਰ ਸਿੰਘ
245 0 _aਮੇਰਾ ਪਿੰਡ
260 _aਪਟਿਆਲਾ
_b21 ਸੈ੍ਵਚੂਰੀ ਪਬਲਿਕੇਨਸ ਭਾਰਤ
_c2005
300 _a120ਪੰ
_ccm.
650 _aਪੰਜਾਬੀ ਸਾਹਿਤ
942 _hO153,3N56:g, P5
_cTEXL
_2cc
999 _c1027378
_d1027378